| 000 | 00557cam a22002173a 4500 | ||
|---|---|---|---|
| 001 | 10 | ||
| 003 | PGUSA | ||
| 005 | 20140828082941.0 | ||
| 008 | 890801s1989||||xxu|||||s|||||000 | eng d | ||
| 040 |
_aPGUSA _beng |
||
| 042 | _adc | ||
| 050 | 4 | _aBS | |
| 245 | 1 | 4 |
_aThe King James Version of the Bible _h[electronic resource] |
| 260 |
_bProject Gutenberg, _c1989 |
||
| 506 | _aPublic domain in the USA. | ||
| 516 | _aElectronic text | ||
| 653 | _aBible | ||
| 830 | 0 |
_aProject Gutenberg _v10 |
|
| 856 | 4 | 0 | _uhttp://www.gutenberg.org/ebooks/10 |
| 942 | _cEB | ||
| 999 |
_c229381 _d229381 |
||